[Event "Campeonato de Madrid 2008/2009"]
[Site "Madrid ESP"]
[Date "2009.03.06"]
[Round "8.3"]
[White "Vazquez Torres, Adrian"]
[Black "Bolado Saez, Sergio"]
[Result "1/2-1/2"]
[WhiteElo "2065"]
[BlackElo "2328"]
[PlyCount "100"]
[EventDate "2009.02.24"]
[EventType "tourn"]
[EventRounds "11"]
[EventCountry "ESP"]
[EventCategory "3"]
[Source "lmi"]
[SourceDate "2009.02.24"]

1. e4 c5 2. Nf3 d6 3. d4 cxd4 4. Nxd4 Nf6 5. Nc3 a6 6. Bc4 e6 7. Bb3 b5 8. O-O
Be7 9. Qf3 Qc7 10. Qg3 O-O 11. Bh6 Ne8 12. Rad1 b4 13. Nce2 Kh8 14. Bg5 Nf6 15.
Qh4 Nbd7 16. Bxe6 fxe6 17. Nxe6 Qc4 18. Nxf8 Nxf8 19. Nf4 Bb7 20. e5 Qf7 21.
exf6 gxf6 22. Bh6 Nd7 23. Qh5 Ne5 24. Rfe1 Qxa2 25. Re3 Rg8 26. Rg3 Bc6 27.
Rxg8+ Qxg8 28. Qh3 Bd7 29. Qe3 Bc6 30. h3 Nf3+ 31. Kh1 Nh4 32. Rg1 Nf5 33. Qe2
Qf7 34. Re1 Bd8 35. Ne6 Qg8 36. Qg4 Bb6 37. Qxg8+ Kxg8 38. Be3 Nxe3 39. fxe3
Be4 40. Nd4 Kf7 41. c3 bxc3 42. bxc3 d5 43. Ra1 Bd3 44. Kg1 Ke7 45. Kf2 Kd6 46.
Ke1 Kc7 47. Kd2 Bc4 48. g4 a5 49. Ne6+ Kd6 50. Nd4 Ke5 1/2-1/2

[Event "Campeonato de Madrid 2008/2009"]
[Site "Madrid ESP"]
[Date "2009.03.06"]
[Round "8.4"]
[White "Almagro Llanas, Pablo"]
[Black "Fraga Castro, Jose Carlos"]
[Result "1-0"]
[WhiteElo "2488"]
[BlackElo "2187"]
[PlyCount "69"]
[EventDate "2009.02.24"]
[EventType "tourn"]
[EventRounds "11"]
[EventCountry "ESP"]
[EventCategory "3"]
[Source "lmi"]
[SourceDate "2009.02.24"]

1. e4 e5 2. Nf3 Nc6 3. Bb5 Nf6 4. O-O Nxe4 5. d4 Nd6 6. Bxc6 dxc6 7. dxe5 Nf5
8. Qxd8+ Kxd8 9. Nc3 h6 10. b3 Be6 11. Bb2 Ke8 12. Rad1 Rd8 13. h3 h5 14. Ng5
Bc5 15. Nce4 Be7 16. Rxd8+ Kxd8 17. Nxe6+ fxe6 18. Bc1 Kc8 19. Rd1 Rd8 20.
Rxd8+ Kxd8 21. c3 c5 22. Kf1 Kd7 23. g4 hxg4 24. hxg4 Nh4 25. Ke2 Ng6 26. f4 b6
27. Ng3 Bf8 28. Kd3 Ne7 29. f5 Nd5 30. Bd2 a6 31. c4 Ne7 32. Ke4 b5 33. Ne2 b4
34. Nf4 exf5+ 35. gxf5 1-0

[Event "Campeonato de Madrid 2008/2009"]
[Site "Madrid ESP"]
[Date "2009.03.06"]
[Round "8.5"]
[White "Taboas Rodriguez, Daniel"]
[Black "Roa Alonso, Santiago"]
[Result "1/2-1/2"]
[WhiteElo "2370"]
[BlackElo "2458"]
[PlyCount "147"]
[EventDate "2009.02.24"]
[EventType "tourn"]
[EventRounds "11"]
[EventCountry "ESP"]
[EventCategory "3"]
[Source "lmi"]
[SourceDate "2009.02.24"]

1. d4 d5 2. c4 e6 3. Nc3 Nf6 4. cxd5 exd5 5. Bg5 c6 6. e3 Bf5 7. Qf3 Bg6 8.
Bxf6 Qxf6 9. Qxf6 gxf6 10. h4 h5 11. Kd2 Nd7 12. Bd3 Nb6 13. Nge2 Bd6 14. g3 a5
15. Nf4 Bxf4 16. gxf4 Bxd3 17. Kxd3 Nc4 18. b3 Nd6 19. f3 O-O-O 20. e4 dxe4+
21. fxe4 f5 22. e5 Ne8 23. d5 cxd5 24. Nb5 Rg8 25. Rag1 Rg4 26. Rxg4 fxg4 27.
f5 Kd7 28. Kd4 Rc8 29. Kxd5 f6 30. Rd1 fxe5 31. Kxe5+ Ke7 32. Kf4 Rc5 33. Re1+
Kf7 34. a4 Rd5 35. Rxe8 Rxb5 36. Re3 Rc5 37. Kg5 b5 38. axb5 Rxb5 39. Rc3 Re5
40. Rc7+ Re7 41. Rc3 Rb7 42. Kxh5 Kf6 43. Kxg4 Rb4+ 44. Kh5 a4 45. bxa4 Rxa4
46. Rc8 Kxf5 47. Rf8+ Ke6 48. Kg5 Ke7 49. Rf1 Ra8 50. Kg6 Rg8+ 51. Kh7 Rg2 52.
h5 Rg3 53. Rf2 Rg1 54. Rf3 Rg2 55. Rf4 Rg1 56. Rf5 Rg2 57. Rf1 Rg3 58. h6 Rg2
59. Ra1 Kf7 60. Ra7+ Kf8 61. Rg7 Rh2 62. Rg5 Rh1 63. Rf5+ Ke7 64. Kg6 Rg1+ 65.
Kh5 Rh1+ 66. Kg6 Rg1+ 67. Kh7 Rg2 68. Kh8 Rg1 69. Ra5 Kf7 70. Ra7+ Kf8 71. Rg7
Rh1 72. h7 Rh2 73. Rg4 Rf2 74. Rg6 1/2-1/2

[Event "Campeonato de Madrid 2008/2009"]
[Site "Madrid ESP"]
[Date "2009.03.06"]
[Round "8.6"]
[White "Longa Yauca, Javier"]
[Black "Hernandez Gallardo, Francisco Javier"]
[Result "0-1"]
[WhiteElo "2312"]
[BlackElo "2281"]
[PlyCount "96"]
[EventDate "2009.02.24"]
[EventType "tourn"]
[EventRounds "11"]
[EventCountry "ESP"]
[EventCategory "3"]
[Source "lmi"]
[SourceDate "2009.02.24"]

1. c4 g6 2. d4 Bg7 3. Nc3 c5 4. d5 Bxc3+ 5. bxc3 f5 6. f3 Nf6 7. Bh6 d6 8. e3
Nbd7 9. h3 Qa5 10. Qb3 Rg8 11. h4 Ne5 12. Bf4 Nf7 13. Bd3 h6 14. Ne2 Qc7 15.
Rb1 b6 16. Bg3 Bd7 17. Nf4 Ne5 18. Be2 Kf7 19. Nd3 g5 20. h5 Kg7 21. Nxe5 dxe5
22. Qc2 Kh8 23. Bd3 f4 24. exf4 exf4 25. Bf2 Qe5+ 26. Kd2 e6 27. Rbe1 Qd6 28.
Kc1 Rad8 29. Bg6 exd5 30. cxd5 Nxd5 31. c4 Ne3 32. Bxe3 fxe3 33. Rxe3 Qd4 34.
Rd3 Qa1+ 35. Kd2 Qe5 36. Re1 Qf4+ 37. Kc3 Qf6+ 38. Kb3 Be6 39. Qc3 Rd4 40. Rxd4
cxd4 41. Qb4 Rd8 42. Bd3 Kg7 43. Re4 Rd7 44. Qb5 a6 45. Qe5 Bf5 46. Qe8 Rf7 47.
Re5 Bxd3 48. Re6 Qf4 0-1

[Event "Campeonato de Madrid 2008/2009"]
[Site "Madrid ESP"]
[Date "2009.03.10"]
[Round "9.1"]
[White "Hernandez Gallardo, Francisco Javier"]
[Black "Ramirez Garcia, Jorge Alberto"]
[Result "1/2-1/2"]
[WhiteElo "2281"]
[BlackElo "2233"]
[PlyCount "44"]
[EventDate "2009.02.24"]
[EventType "tourn"]
[EventRounds "11"]
[EventCountry "ESP"]
[EventCategory "3"]
[Source "lmi"]
[SourceDate "2009.02.24"]

1. e4 e6 2. d3 c5 3. Nf3 Nc6 4. g3 d5 5. Nbd2 Bd6 6. Bg2 Nge7 7. O-O O-O 8. Nh4
Rb8 9. f4 f6 10. c3 b5 11. f5 b4 12. fxe6 Bxe6 13. exd5 Bxd5 14. Ne4 bxc3 15.
bxc3 Be5 16. Bd2 c4 17. dxc4 Bxc4 18. Rf2 Rb2 19. Qa4 Bd5 20. Be3 Rxf2 21. Bxf2
Qa5 22. Qxa5 Nxa5 1/2-1/2

[Event "Campeonato de Madrid 2008/2009"]
[Site "Madrid ESP"]
[Date "2009.03.10"]
[Round "9.2"]
[White "Roa Alonso, Santiago"]
[Black "Longa Yauca, Javier"]
[Result "1-0"]
[WhiteElo "2458"]
[BlackElo "2312"]
[PlyCount "59"]
[EventDate "2009.02.24"]
[EventType "tourn"]
[EventRounds "11"]
[EventCountry "ESP"]
[EventCategory "3"]
[Source "lmi"]
[SourceDate "2009.02.24"]

1. e4 d5 2. exd5 Qxd5 3. Nc3 Qa5 4. d4 Nf6 5. Nf3 Bg4 6. h3 Bh5 7. g4 Bg6 8.
Ne5 c6 9. h4 Nbd7 10. Nc4 Qc7 11. h5 Be4 12. Nxe4 Nxe4 13. Qf3 Nd6 14. Bf4
O-O-O 15. O-O-O Nf6 16. h6 Nd5 17. Be5 f6 18. hxg7 Bxg7 19. Nxd6+ exd6 20. Bg3
Qa5 21. Bc4 h5 22. gxh5 Bh6+ 23. Kb1 Bg5 24. Bb3 Rd7 25. c4 Nc7 26. c5 dxc5 27.
dxc5 Rxd1+ 28. Rxd1 Qxc5 29. Qg4+ Kb8 30. Qd7 1-0

[Event "Campeonato de Madrid 2008/2009"]
[Site "Madrid ESP"]
[Date "2009.03.10"]
[Round "9.3"]
[White "Fraga Castro, Jose Carlos"]
[Black "Taboas Rodriguez, Daniel"]
[Result "0-1"]
[WhiteElo "2187"]
[BlackElo "2370"]
[PlyCount "84"]
[EventDate "2009.02.24"]
[EventType "tourn"]
[EventRounds "11"]
[EventCountry "ESP"]
[EventCategory "3"]
[Source "lmi"]
[SourceDate "2009.02.24"]

1. c4 Nf6 2. Nc3 g6 3. g3 Bg7 4. Bg2 O-O 5. d3 Nc6 6. e3 e6 7. Nge2 d5 8. O-O
a5 9. b3 dxc4 10. dxc4 Qe7 11. Nd4 Nxd4 12. exd4 Rd8 13. Be3 c5 14. d5 Nxd5 15.
Nxd5 exd5 16. cxd5 Bxa1 17. Qxa1 Qf8 18. Qc3 b6 19. Bg5 Rd7 20. d6 Bb7 21. Be7
Rxe7 22. dxe7 Qxe7 23. Re1 Qd7 24. Bxb7 Qxb7 25. Qf6 b5 26. h4 h5 27. Re5 c4
28. g4 c3 29. gxh5 Qa6 30. Qf4 Rf8 31. Qd4 b4 32. Re7 c2 33. Re1 Qe6 34. Rc1
Rc8 35. Kh2 Rc3 36. Qf4 Qh3+ 37. Kg1 Qe6 38. hxg6 fxg6 39. Qd2 Qf5 40. Kf1 Kh7
41. Kg1 Qg4+ 42. Kf1 Rh3 0-1

[Event "Campeonato de Madrid 2008/2009"]
[Site "Madrid ESP"]
[Date "2009.03.10"]
[Round "9.4"]
[White "Bolado Saez, Sergio"]
[Black "Almagro Llanas, Pablo"]
[Result "1/2-1/2"]
[WhiteElo "2328"]
[BlackElo "2488"]
[PlyCount "59"]
[EventDate "2009.02.24"]
[EventType "tourn"]
[EventRounds "11"]
[EventCountry "ESP"]
[EventCategory "3"]
[Source "lmi"]
[SourceDate "2009.02.24"]

1. d4 d5 2. c4 c6 3. Nc3 Nf6 4. Nf3 dxc4 5. a4 Bf5 6. Ne5 Nbd7 7. Nxc4 Qc7 8.
g3 e5 9. dxe5 Nxe5 10. Bf4 Nfd7 11. Bg2 f6 12. O-O Rd8 13. Ne3 Be6 14. Qc2 Qa5
15. Kh1 Ng6 16. Ne4 Nxf4 17. gxf4 Be7 18. Ng3 Nc5 19. Nef5 Bf8 20. Ra3 Qb4 21.
Re3 Kf7 22. Qb1 g6 23. Nh4 Qxf4 24. b4 Qxh4 25. bxc5 Bc8 26. Ne4 Kg7 27. a5 Be7
28. a6 bxa6 29. Qb8 Rhe8 30. Qc7 1/2-1/2

[Event "Campeonato de Madrid 2008/2009"]
[Site "Madrid ESP"]
[Date "2009.03.10"]
[Round "9.5"]
[White "Elissalt Cardenas, Hector"]
[Black "Vazquez Torres, Adrian"]
[Result "1-0"]
[WhiteElo "2286"]
[BlackElo "2065"]
[PlyCount "63"]
[EventDate "2009.02.24"]
[EventType "tourn"]
[EventRounds "11"]
[EventCountry "ESP"]
[EventCategory "3"]
[Source "lmi"]
[SourceDate "2009.02.24"]

1. c4 e6 2. d4 d5 3. Nc3 Be7 4. cxd5 exd5 5. Bf4 c6 6. e3 Nf6 7. Bd3 O-O 8. h3
b6 9. Nge2 Bb7 10. g4 c5 11. Ng3 cxd4 12. exd4 Ne4 13. Nf5 Bg5 14. Bxg5 Qxg5
15. O-O Nd7 16. Qc1 Qf6 17. Bb5 Rfd8 18. Nxe4 dxe4 19. Qc7 Bc8 20. f4 g6 21.
Nh6+ Kg7 22. g5 Qxd4+ 23. Kh1 Qe3 24. Kg2 Qd2+ 25. Rf2 Qd5 26. Bc6 Qc4 27. Qxd8
Bb7 28. Qxd7 Bxc6 29. Rc1 e3+ 30. Qxc6 Qxc6+ 31. Rxc6 exf2 32. Rc7 1-0

[Event "Campeonato de Madrid 2008/2009"]
[Site "Madrid ESP"]
[Date "2009.03.11"]
[Round "10.2"]
[White "Vazquez Torres, Adrian"]
[Black "Candela Perez, Jose"]
[Result "0-1"]
[WhiteElo "2065"]
[BlackElo "2411"]
[PlyCount "78"]
[EventDate "2009.02.24"]
[EventType "tourn"]
[EventRounds "11"]
[EventCountry "ESP"]
[EventCategory "3"]
[Source "lmi"]
[SourceDate "2009.02.24"]

1. e4 c5 2. Nf3 d6 3. d4 cxd4 4. Nxd4 Nf6 5. Nc3 a6 6. f4 e6 7. Qf3 Qb6 8. Nb3
Nc6 9. Be3 Qc7 10. g4 b5 11. Bd3 Nd7 12. O-O Be7 13. Rad1 O-O 14. Qh3 Nb4 15.
g5 Bb7 16. f5 Nxd3 17. g6 Nf6 18. gxf7+ Kh8 19. cxd3 e5 20. Rc1 Qd8 21. Nd2 b4
22. Na4 Rxf7 23. Nb6 Rb8 24. Nf3 Nd7 25. Nc4 Kg8 26. Rf2 Rc8 27. f6 Rxf6 28.
Ng5 Nf8 29. Rcf1 Rxf2 30. Rxf2 Bxg5 31. Qf5 Bf6 32. Nb6 Rc7 33. Nc4 Qd7 34. Qh5
Ng6 35. Qf3 d5 36. Nb6 dxe4 37. dxe4 Qd3 38. Qg4 Kf7 39. Qh3 Rc1+ 0-1

[Event "Campeonato de Madrid 2008/2009"]
[Site "Madrid ESP"]
[Date "2009.03.11"]
[Round "10.3"]
[White "Almagro Llanas, Pablo"]
[Black "Elissalt Cardenas, Hector"]
[Result "1/2-1/2"]
[WhiteElo "2488"]
[BlackElo "2286"]
[PlyCount "37"]
[EventDate "2009.02.24"]
[EventType "tourn"]
[EventRounds "11"]
[EventCountry "ESP"]
[EventCategory "3"]
[Source "lmi"]
[SourceDate "2009.02.24"]

1. e4 c5 2. Nf3 Nc6 3. Bb5 g6 4. O-O Bg7 5. Bxc6 dxc6 6. d3 Nf6 7. h3 Nd7 8. a3
Nf8 9. Nc3 Ne6 10. e5 Nd4 11. Re1 O-O 12. Bf4 Be6 13. Ne4 b6 14. b4 cxb4 15.
axb4 h6 16. Nfd2 Nb5 17. Nf3 Nd4 18. Nfd2 Nb5 19. Nf3 1/2-1/2

[Event "Campeonato de Madrid 2008/2009"]
[Site "Madrid ESP"]
[Date "2009.03.11"]
[Round "10.5"]
[White "Longa Yauca, Javier"]
[Black "Fraga Castro, Jose Carlos"]
[Result "0-1"]
[WhiteElo "2312"]
[BlackElo "2187"]
[PlyCount "60"]
[EventDate "2009.02.24"]
[EventType "tourn"]
[EventRounds "11"]
[EventCountry "ESP"]
[EventCategory "3"]
[Source "lmi"]
[SourceDate "2009.02.24"]

1. d4 Nf6 2. c4 c5 3. d5 b5 4. cxb5 a6 5. bxa6 g6 6. Nc3 Bxa6 7. g3 d6 8. Bg2
Bg7 9. Nf3 O-O 10. O-O Nbd7 11. Re1 Qa5 12. Bd2 Rfb8 13. b3 Bb7 14. Na4 Qd8 15.
e4 Ng4 16. Rc1 Ba6 17. h3 Nge5 18. Nxe5 Nxe5 19. Re3 Nd3 20. Rxd3 Bxd3 21. Bc3
Bxc3 22. Nxc3 Ba6 23. Qd2 Rb4 24. h4 Rd4 25. Qf4 Qf8 26. Nd1 Be2 27. Ne3 Rxa2
28. h5 Qg7 29. Bf1 Bxf1 30. Rxf1 f5 0-1

[Event "Campeonato de Madrid 2008/2009"]
[Site "Madrid ESP"]
[Date "2009.03.11"]
[Round "10.6"]
[White "Hernandez Gallardo, Francisco Javier"]
[Black "Roa Alonso, Santiago"]
[Result "1/2-1/2"]
[WhiteElo "2281"]
[BlackElo "2458"]
[PlyCount "71"]
[EventDate "2009.02.24"]
[EventType "tourn"]
[EventRounds "11"]
[EventCountry "ESP"]
[EventCategory "3"]
[Source "lmi"]
[SourceDate "2009.02.24"]

1. e4 e5 2. Nf3 Nc6 3. Nc3 Nf6 4. d4 exd4 5. Nxd4 Bb4 6. Nxc6 bxc6 7. Bd3 O-O
8. O-O d5 9. exd5 cxd5 10. Bg5 c6 11. Qf3 Be7 12. h3 h6 13. Bf4 Bd6 14. Rad1
Rb8 15. b3 Rb4 16. Ne2 Bxf4 17. Nxf4 Qd6 18. c4 a5 19. Bc2 Qc7 20. a3 Rb8 21.
c5 Re8 22. Rfe1 Ba6 23. Nh5 Nxh5 24. Qxh5 Qf4 25. Qf5 Rxe1+ 26. Rxe1 Qxf5 27.
Bxf5 g6 28. Bd7 d4 29. Bxc6 Rxb3 30. Re8+ Kg7 31. Rd8 d3 32. a4 Rc3 33. Rd5 Bc4
34. Rd6 Bb3 35. Bb5 Rxc5 36. Rxd3 1/2-1/2

[Event "Campeonato de Madrid 2008/2009"]
[Site "Madrid ESP"]
[Date "2009.03.12"]
[Round "11.1"]
[White "Roa Alonso, Santiago"]
[Black "Ramirez Garcia, Jorge Alberto"]
[Result "0-1"]
[WhiteElo "2458"]
[BlackElo "2233"]
[PlyCount "110"]
[EventDate "2009.02.24"]
[EventType "tourn"]
[EventRounds "11"]
[EventCountry "ESP"]
[EventCategory "3"]
[Source "lmi"]
[SourceDate "2009.02.24"]

1. e4 e6 2. d4 d5 3. Nc3 Nf6 4. e5 Nfd7 5. f4 c5 6. Nf3 Nc6 7. Be3 Qb6 8. Na4
Qa5+ 9. c3 cxd4 10. b4 Nxb4 11. cxb4 Bxb4+ 12. Bd2 Bxd2+ 13. Nxd2 g5 14. Nb2
gxf4 15. Nd3 b6 16. Kf2 Ba6 17. Nb3 Qa4 18. Be2 Bxd3 19. Bxd3 Nxe5 20. Re1 Ng6
21. Qh5 O-O-O 22. Kg1 Kb7 23. Qg5 Rhg8 24. Qf6 Qd7 25. Kh1 Qe7 26. Qxd4 Nh4 27.
Bf1 Qg5 28. Qf2 Nf5 29. Nd4 Ng3+ 30. Kg1 Ne4 31. Qe2 Rc8 32. Qa6+ Kb8 33. Qa3
Qe5 34. Nb5 Rc7 35. Rac1 Rd7 36. Rc6 f3 37. Qxf3 Nd2 38. Qf2 Qxe1 39. Qxe1 Nf3+
40. Kf2 Nxe1 41. Kxe1 Rc8 42. Nd4 e5 43. Rxc8+ Kxc8 44. Nf5 Rc7 45. Kd2 Kd7 46.
g4 Ke6 47. h4 Kf6 48. Bh3 e4 49. g5+ Ke5 50. Nh6 Kf4 51. Bf5 Kg3 52. Bxh7 Kxh4
53. Bg8 Kxg5 54. Nxf7+ Kf6 55. Nd6 Ke5 0-1

[Event "Campeonato de Madrid 2008/2009"]
[Site "Madrid ESP"]
[Date "2009.03.12"]
[Round "11.2"]
[White "Fraga Castro, Jose Carlos"]
[Black "Hernandez Gallardo, Francisco Javier"]
[Result "0-1"]
[WhiteElo "2187"]
[BlackElo "2281"]
[PlyCount "102"]
[EventDate "2009.02.24"]
[EventType "tourn"]
[EventRounds "11"]
[EventCountry "ESP"]
[EventCategory "3"]
[Source "lmi"]
[SourceDate "2009.02.24"]

1. g3 d5 2. f4 Nf6 3. Bg2 g6 4. Nf3 Bg7 5. O-O O-O 6. d3 c6 7. c3 Qb6+ 8. e3
Bg4 9. h3 Bxf3 10. Qxf3 Nbd7 11. Kh2 e5 12. e4 dxe4 13. dxe4 exf4 14. gxf4 Rae8
15. Re1 Re6 16. Nd2 Rfe8 17. e5 Nd5 18. Ne4 f6 19. c4 Nb4 20. Be3 Qc7 21. Rad1
Nc2 22. Re2 Nxe3 23. Rxe3 Nxe5 24. fxe5 Qxe5+ 25. Qg3 f5 26. Qxe5 Bxe5+ 27. Kg1
fxe4 28. Rxe4 Bh2+ 29. Kxh2 Rxe4 30. Bxe4 Rxe4 31. Rd8+ Kf7 32. Rd7+ Re7 33.
Rd2 Ke6 34. Kg3 Rd7 35. Re2+ Kf5 36. b3 g5 37. Rf2+ Kg6 38. Re2 h5 39. Rf2 a5
40. Re2 Rd3+ 41. Kg2 a4 42. bxa4 Ra3 43. Rb2 Rxa4 44. c5 Ra5 45. Kf3 Kf5 46.
Ke3 Ke5 47. Rxb7 Ra3+ 48. Kf2 Rxa2+ 49. Kg3 Ra3+ 50. Kg2 Rc3 51. Rh7 h4 0-1

[Event "Campeonato de Madrid 2008/2009"]
[Site "Madrid ESP"]
[Date "2009.03.12"]
[Round "11.4"]
[White "Elissalt Cardenas, Hector"]
[Black "Taboas Rodriguez, Daniel"]
[Result "1-0"]
[WhiteElo "2286"]
[BlackElo "2370"]
[PlyCount "51"]
[EventDate "2009.02.24"]
[EventType "tourn"]
[EventRounds "11"]
[EventCountry "ESP"]
[EventCategory "3"]
[Source "lmi"]
[SourceDate "2009.02.24"]

1. c4 g6 2. g3 Bg7 3. Bg2 e5 4. e4 Nc6 5. Ne2 d6 6. d3 f5 7. Nbc3 Nf6 8. h3 O-O
9. Be3 Nh5 10. exf5 gxf5 11. Nd5 f4 12. gxf4 Nxf4 13. Nexf4 exf4 14. Nxf4 Bxb2
15. Rg1 Kh8 16. Qh5 Rxf4 17. Bxf4 Bxa1 18. Be4 Qe7 19. Bg5 Bg4 20. Rxg4 Qd7 21.
Qh6 Qf7 22. Bxh7 Qg7 23. Qh4 Ne5 24. Be4+ Kg8 25. Bd5+ Kf8 26. Be7+ 1-0

[Event "Campeonato de Madrid 2008/2009"]
[Site "Madrid ESP"]
[Date "2009.03.12"]
[Round "11.5"]
[White "Candela Perez, Jose"]
[Black "Almagro Llanas, Pablo"]
[Result "1/2-1/2"]
[WhiteElo "2411"]
[BlackElo "2488"]
[PlyCount "69"]
[EventDate "2009.02.24"]
[EventType "tourn"]
[EventRounds "11"]
[EventCountry "ESP"]
[EventCategory "3"]
[Source "lmi"]
[SourceDate "2009.02.24"]

1. d4 d5 2. c4 c6 3. Nf3 Nf6 4. Qc2 g6 5. Bf4 Bg7 6. e3 O-O 7. Nc3 a6 8. Bd3 b5
9. cxd5 cxd5 10. a4 Nc6 11. Qb3 b4 12. Ne2 Qb6 13. O-O Bb7 14. Rfc1 Rfc8 15.
Qd1 Nd7 16. b3 Na5 17. h3 Nf6 18. Ne5 Qd8 19. Rab1 e6 20. Qd2 Bf8 21. Bg5 Be7
22. Bxf6 Bxf6 23. Qxb4 Be7 24. Qd2 Rxc1+ 25. Nxc1 Rc8 26. Na2 f6 27. Nf3 Qb6
28. Qb2 Bc6 29. Nd2 Bd7 30. b4 Nc4 31. Bxc4 dxc4 32. a5 Qb7 33. Rc1 Bb5 34. Qc3
Bd6 35. Rb1 1/2-1/2